Odpadové hospodárstvo - obalové odpady
Princípy trvalo udržateľného rozvoja. Kapitola 21 v rámci Agendy 21 a problematika ochrany a tvorby životného prostredia. Budovanie spoločnosti s environmentálnym vedomím a zodpovednosťou. Nakladanie s odpadmi spôsobom prijateľným z environmentálneho hľadiska. Stratégia odpadového hospodárstva. Inte...
Enregistré dans:
| Auteur principal: | |
|---|---|
| Format: | Chapitre de livre |
| Langue: | slovaque |
| Sujets: | |
| Tags: |
Pas de tags, Soyez le premier à ajouter un tag!
|
MARC
| LEADER | 00000naa$a2200000$$$4500 | ||
|---|---|---|---|
| 001 | 0026236 | ||
| 005 | 20221128123657.4 | ||
| 041 | 0 | |a slo | |
| 044 | |a SK | ||
| 245 | 1 | 0 | |a Odpadové hospodárstvo - obalové odpady |c Igor Kačeňák |
| 520 | |a Princípy trvalo udržateľného rozvoja. Kapitola 21 v rámci Agendy 21 a problematika ochrany a tvorby životného prostredia. Budovanie spoločnosti s environmentálnym vedomím a zodpovednosťou. Nakladanie s odpadmi spôsobom prijateľným z environmentálneho hľadiska. Stratégia odpadového hospodárstva. Integrované riadenie odpadového hospodárstva. Recyklácia ako najvýhodnejší spôsob zneškodňovania odpadov. recyklácia a obaly. Zákon o odpadoch a jeho dopad na obalový odpad. Materiálové toky a spätne orientovaný distribučný kanál. Hlavné časti (funkcia) spätne orientovaného distribučného kanála. Zber. Triedenie. Skladovanie. Východiská pri tvorbe zákona o obalových odpadoch SR. | ||
| 610 | 2 | 0 | |a odpad |
| 610 | 2 | 0 | |a obaly |
| 610 | 2 | 0 | |a hospodárstvo odpadové |
| 610 | 2 | 0 | |a rozvoj trvalo udržateľný |
| 610 | 2 | 0 | |a recyklácia odpadu |
| 610 | 2 | 0 | |a kanály distribučné |
| 610 | 2 | 0 | |a odpad komunálny |
| 610 | 2 | 0 | |a zákony |
| 610 | 2 | 0 | |a Slovensko |
| 100 | 1 | |a Kačeňák, Igor | |